Educación Matemática 1º Educación Media
Đã lưu trong:
| Những tác giả chính: | , , |
|---|---|
| Định dạng: | Sách |
| Ngôn ngữ: | Tiếng Tây Ban Nha |
| Được phát hành: |
Santiago
Santillana del Pacífico
2005
|
| Những chủ đề: | |
| Các nhãn: |
Thêm thẻ
Không có thẻ, Là người đầu tiên thẻ bản ghi này!
|
MARC
| LEADER | 00000nam a2200000 a 4500 | ||
|---|---|---|---|
| 001 | UCG1373 | ||
| 003 | CL-VaPUC | ||
| 008 | 100429e20050000CL |||||||||||||||||spa|d | ||
| 020 | |a 9561509318 | ||
| 082 | 0 | 4 | |a 510.712 |b GUE |2 21 |
| 100 | |a Guerra Noguera, Marcela |e author |9 549310 | ||
| 700 | 0 | |a Urzúa Figueroa, Patricia |e author |9 549303 | |
| 700 | 0 | |a Velásquez Vallejos, Jaime |e author |9 549304 | |
| 245 | 1 | 0 | |a Educación Matemática 1º Educación Media |
| 300 | |a 295 p | ||
| 942 | |c BK | ||
| 945 | |d 20100429 00:00:00 |a dcastane | ||
| 260 | |a Santiago |b Santillana del Pacífico |c 2005 | ||
| 650 | 0 | |a Matemáticas |x Enseñanza |9 875527 | |
| 650 | 0 | |a Métodos de enseñanza |9 270413 | |
| 650 | 0 | |a Libros de texto |9 270019 | |
| 583 | |a last modification |c 20170816 12:54:38 |k Rodrigo Vera | ||
| 999 | |c 340775 |d 340773 | ||